Dessin animé disney - Statistiques

Statistiques générales
  • Ce quiz a été pris 16 326 fois
  • Le résultat moyen est 25 sur 48
Statistiques - réponses
Hint Réponse % Correct
1937 Blanche Neige et les 7 Nains
96%
1950 Cendrillon
90%
1991 La Belle et la Bête
86%
1959 La Belle au Bois Dormant
82%
1989 La Petite Sirène
78%
1994 Le Roi Lion
78%
2010 Raiponce
78%
1998 Mulan
76%
2013 La Reine des Neiges
75%
1995 Pocahontas, une Légende Indienne
70%
1992 Aladdin
68%
1955 La Belle et le Clochard
68%
1953 Peter Pan
67%
2009 La Princesse et la Grenouille
65%
1970 Les Aristochats
63%
1942 Bambi
62%
1941 Dumbo
62%
1961 Les 101 Dalmatiens
61%
1940 Pinocchio
61%
1967 Le Livre de la Jungle
60%
1940 Fantasia
58%
1999 Fantasia 2000
58%
1990 Bernard et Bianca au pays des Kangourous
55%
1997 Hercule
55%
1977 Les Aventures de Bernard et Bianca
55%
1951 Alice au pays des merveilles
54%
1999 Tarzan
52%
1996 Le Bossu de Notre-Dame
48%
1981 Rox et Rouky
48%
1963 Merlin l'Enchanteur
47%
1973 Robin des Bois
46%
2002 Lilo et Stitch
39%
1977 Les Aventures de Winnie l'Ourson
38%
2011 Winnie l'Ourson
37%
2001 Kuzco, l'Empereur Mégalo
36%
2003 Frère des Ours
33%
1988 Oliver et Compagnie
32%
1985 Taram et le Chaudron Magique
32%
2001 Atlantide, l'Empire Perdu
31%
2008 Volt, Star malgré lui
28%
1986 Basil détective privé
27%
2002 La Planète au Trésor
26%
2012 Les mondes de Ralph
23%
2004 La Ferme se rebelle
21%
2000 Dinosaure
19%
2005 Chicken Little
17%
2007 Bienvenue chez les Robinsons
14%
1949 Le Crapaud et le Maitre d'Ecole
12%
Aucun quiz correspondant
Distribution des résultats
% des personnes avec chaque résultat
Percentile par nombre de réponses
Votre historique - résultats
Vous n’avez pas pris ce quiz